00665cam a2200193 a 4500020001500000020001500015020001800030022002600048040000800074245006300082260016100145300003300306650003100339710002700370710003500397710001500432942000700447999001700454 a0821361627 a0821361635 a9780821361627 a363 ASI 2005 A089 Or. cDJB00aConnecting East Asia :ba new framework for infrastructure a[Mandaluyong City, Philippines] :bAsian Development Bank ;a[Tokyo] :bJapan Bank for International Cooperation ;a[Washington, D.C.] :bWorld Bank,cc2005 alvi, 251 p. :bill. ;c24 cm 0aInfrastructure (Economics)2 aAsian Development Bank2 aKokusai Ky¿‍ryoku Gink¿‍2 aWorld Bank cEK c16397d16397